Statistics for Clash Royale Arenas (Nov. 2021)

Click here to take the quiz!

General Stats

  • This quiz has been taken 36 times
  • The average score is 14 of 16

Answer Stats

HintAnswer% Correct
5Spell Valley
97%
0Training Camp
97%
3Barbarian Bowl
93%
7Royal Arena
93%
12Spooky Town
93%
2Bone Pit
90%
6Builder's Workshop
90%
11Electro Valley
90%
15/League 1Legendary Arena
90%
4P.E.K.K.A.'s playhouse
90%
13Rascals' Hideout
90%
10Hog Mountain
87%
14Serenity Peak
87%
8Frozen Peak
83%
9Jungle Arena
83%
1Goblin Stadium
77%

Score Distribution

Percentile by Number Answered

Percent of People with Each Score

Your Score History

You have not taken this quiz